|
|
|
|
| LEADER |
01390nam a22003017a 4500 |
| 001 |
40715 |
| 003 |
BD-DhAAL |
| 005 |
20230207164806.0 |
| 008 |
230123r20222003bg ||||| |||| 00| 0 ben d |
| 020 |
|
|
|a 9789844327450
|
| 040 |
|
|
|a BD-DhAAL
|c BD-DhAAL
|
| 041 |
|
|
|a ben
|
| 082 |
|
|
|a 954.9205
|2 23
|
| 100 |
|
|
|a হোসেন, সেলিনা
|
| 245 |
|
|
|a হাঙর নদী গ্রেনেড /
|c সেলিনা হোসেন
|
| 246 |
|
|
|a Hangor nadi grenade
|
| 250 |
|
|
|a অষ্টম সংস্করণ
|
| 260 |
|
|
|a ঢাকা :
|b অনন্যা,
|c ২০০৩ [নবম মুদ্রণ ২০২২]
|
| 300 |
|
|
|a ১৪৩ পৃষ্ঠা ;
|c ২২ সে.মি.
|
| 526 |
|
|
|a GenEd (Residential Campus)
|
| 541 |
|
|
|a Development Book Agency
|e 40714, 40715
|
| 650 |
|
|
|a Bengali literature.
|
| 651 |
|
|
|a Bangladesh
|x History
|y Revolution, 1971.
|
| 852 |
|
|
|a Ayesha Abed Library
|c General Stacks
|
| 942 |
|
|
|2 ddc
|c BK
|
| 999 |
|
|
|c 45346
|d 45346
|
| 952 |
|
|
|0 0
|1 0
|2 ddc
|4 0
|6 954_920500000000000_HOS
|7 0
|9 72882
|a SCL
|b SCL
|c GEN
|d 2023-01-15
|e Development Book Agency
|g 192.00
|l 4
|m 3
|o 954.9205 HOS
|p 3020040715
|r 2026-04-26
|s 2026-04-25
|t 2
|v 192.00
|w 2023-01-15
|y BK
|
| 952 |
|
|
|0 0
|1 0
|2 ddc
|4 0
|6 954_920500000000000_HOS
|7 0
|9 72883
|a SCL
|b SCL
|c GEN
|d 2023-01-15
|e Development Book Agency
|g 192.00
|l 1
|m 5
|o 954.9205 HOS
|p 3020040714
|r 2025-10-15
|s 2025-09-08
|t 1
|v 192.00
|w 2023-01-15
|y BK
|